Statistiken für Nachbarländer Italiens

Klicken Sie hier um das Quiz zu spielen!

Allgemein

  • Dieses Quiz wurde 96 mal gespielt
  • Das Durchschnittsergebnis liegt bei 6 aus 6

Antwortstatistiken

LängeLand% Korrekt
800 kmSchweiz
100%
404 kmÖsterreich
99%
476 kmFrankreich
98%
3,4 kmVatikanstadt
98%
39 kmSan Marino
96%
232 kmSlowenien
91%

Verteilung der Resultate

Perzentil nach korrekt beantworteten Fragen

Anzahl Personen mit jedem Resultat

Ihre Resultats-Entwicklung

Sie haben dieses Quiz noch nicht gespielt